| 000 | 00548nam a2200169Ia 4500 | ||
|---|---|---|---|
| 999 |
_c6124 _d6124 |
||
| 020 | _a9788180695742 | ||
| 082 | _a307.1416095 INS- | ||
| 245 | 0 | _aInside the transforming urban Asia: processes, policies and public actions | |
| 260 |
_aNew Delhi _bConcept Publishing _c2008 |
||
| 300 | _axxx, 650 | ||
| 500 | _aincludes bibliography and index | ||
| 504 | _aincludes bibliography and index | ||
| 650 |
_aUrban policy _vIndia _vChina _vAsia _vIndia |
||
| 650 |
_aGlobalisation _vSocial aspects _vAsia |
||
| 700 | _aMahadevia, Darshini | ||
| 942 |
_cBK _2ddc |
||